[Event "Antofagasta Zicosur op 1st"]
[Site "Antofagasta"]
[Date "2015.01.06"]
[Round "2"]
[White "Ramirez Feliu, Diego Eduardo"]
[Black "Borgeaud Fuentes, Oscar"]
[Result "0-1"]
[WhiteElo "1790"]
[BlackElo "1897"]
[PlyCount "52"]
[EventDate "2015.01.05"]
[EventType "swiss"]
[EventRounds "10"]
[EventCountry "CHI"]
[SourceTitle "CBM 164 Extra"]
[Source "ChessBase"]
[SourceDate "2015.03.02"]
[SourceVersion "1"]
[SourceVersionDate "2015.03.02"]
[SourceQuality "1"]

1. e4 e6 2. d4 d5 3. exd5 exd5 4. Nf3 Bd6 5. Bd3 Nc6 6. c3 Bg4 7. 0-0 Qd7 8. Nbd2 0-0-0 9. Qc2 Nge7 10. b4 f6 11. a4 g5 12. a5 Rdf8 13. b5 Nd8 14. Ba3 Ne6 15. b6 a6 16. Bxd6 cxd6 17. c4 Kb8 18. cxd5 Nxd5 19. Bf5 Bxf5 20. Qxf5 Ne7 21. Qe4 d5 22. Qe3 Nf5 23. Qc3 g4 24. Ne1 Nexd4 25. Qd3 Rc8 26. Nb3 Rc3 0-1

[Event "CHI-chT"]
[Site "Santiago de Chile"]
[Date "2012.12.18"]
[Round "8"]
[White "Ramirez Henriquez, Maximiliano"]
[Black "Ramirez Feliu, Diego Eduardo"]
[Result "1-0"]
[WhiteElo "1738"]
[BlackElo "1870"]
[PlyCount "43"]
[EventDate "2012.11.22"]
[EventType "team-tourn"]
[EventRounds "9"]
[EventCountry "CHI"]
[SourceTitle "EXT 2014"]
[Source "ChessBase"]
[SourceDate "2013.11.20"]
[SourceVersion "1"]
[SourceVersionDate "2013.11.20"]
[SourceQuality "1"]

1. d4 d5 2. Bf4 Nf6 3. e3 Bf5 4. Nf3 e6 5. Ne5 Nbd7 6. g4 Bg6 7. h4 h5 8. Nxg6 fxg6 9. g5 Ne4 10. Bd3 Bd6 11. Bxd6 cxd6 12. f3 Nxg5 13. hxg5 Qxg5 14. Qe2 Rf8 15. Nd2 Rf6 16. 0-0-0 Ke7 17. Rdg1 Qh6 18. f4 Nb6 19. Nf3 Rc8 20. Nh4 Nc4 21. Nxg6+ Kd7 22. Rxh5 1-0